[Event "Let's Play Chess!"]
[Site "http://www.queenalice.com/game.php?id=344509"]
[Date "2008.1.28"]
[Round "-"]
[White "juandiaztapia"]
[Black "DALECIO_RAZIEL"]
[Result "1-0"]
[WhiteElo "1500"]
[BlackElo "1376"]

1. g3 d5 2. Bg2 e5 3. d4 e4 4. c4 dxc4 5. Bxe4 Qf6 6. Nc3 Nc6 7. Nd5 Qd6 8. Bf4
Qe6 9. Nxc7+ Kd7 10. Nxe6 fxe6 11. d5 Nb4 12. dxe6+ Kxe6 13. a3 Nc6 14. Qd5+ Ke7
15. Qd6+ Ke8 16. Bxc6+ bxc6 17. Qxc6+ Kd8 18. Rd1+ Ke7 19. Qxa8 Kf7 20. Qxc8 Nf6
21. Qxc4+ Kg6 22. Nf3 h5 23. Nh4+ Kh7 24. Qf7 Ng4 25. Qxh5+ 1-0

[Event "Let's Play Chess!"]
[Site "http://www.queenalice.com/game.php?id=344510"]
[Date "2008.1.29"]
[Round "-"]
[White "agjjr"]
[Black "juandiaztapia"]
[Result "0-1"]
[WhiteElo "1671"]
[BlackElo "1592"]

1. e4 g6 2. d4 Bg7 3. Nf3 c5 4. c3 Qb6 5. Bc4 cxd4 6. cxd4 Qb4+ 7. Nbd2 Nc6 8.
a3 Qa5 9. d5 Ne5 10. b4 Qc7 11. Nxe5 Bxe5 12. Qf3 Bxa1 13. d6 Qxd6 14. Qxf7+ Kd8
15. Qf8+ Kc7 16. O-O Qf6 17. Qxf6 Nxf6 18. Nf3 d6 19. Be3 Bb2 20. Nd4 Bxd4 21.
Bxd4 e5 22. Bb2 Nxe4 23. Rc1 Kd8 24. Bd5 Nf6 25. Bb3 Bf5 26. Rd1 Ke7 27. Kf1
Rac8 28. Ke2 Bc2 0-1

[Event "Let's Play Chess!"]
[Site "http://www.queenalice.com/game.php?id=344512"]
[Date "2008.1.29"]
[Round "-"]
[White "juandiaztapia"]
[Black "agjjr"]
[Result "1-0"]
[WhiteElo "1862"]
[BlackElo "1692"]

1. g3 e5 2. Bg2 d5 3. c4 c6 4. Qa4 Bd7 5. Nf3 Bd6 6. O-O e4 7. Nd4 c5 8. Nb5 Be7
9. cxd5 a6 10. N1c3 Qb6 11. d6 Bxd6 12. Nxd6+ Qxd6 13. Qxe4+ Ne7 14. Qxb7 Bc6
15. Bxc6+ Qxc6 16. Qxc6+ Nbxc6 17. d3 O-O 18. Be3 Rfe8 19. Bxc5 Ng6 20. f4 Rac8
21. Ne4 Rb8 22. Rfb1 Nce7 23. b4 Nf5 24. a4 Nge7 25. Nd6 Nxd6 26. Bxd6 Rb6 27.
Bxe7 Rxe7 28. Kf2 Rbe6 29. e4 Rd7 30. Rb3 Red6 31. b5 Rxd3 32. Rxd3 Rxd3 33.
bxa6 Rd8 34. a7 Ra8 35. Rb1 1-0

[Event "Let's Play Chess!"]
[Site "http://www.queenalice.com/game.php?id=344513"]
[Date "2008.1.29"]
[Round "-"]
[White "krystek23"]
[Black "juandiaztapia"]
[Result "0-1"]
[WhiteElo "1100"]
[BlackElo "1500"]

1. c4 g6 2. Nc3 Bg7 3. d4 c5 4. d5 Bxc3+ 5. bxc3 f5 6. Nf3 Qa5 7. Qc2 Nf6 8. Bh6
Ne4 9. Ng5 Nxg5 10. Bxg5 d6 11. Rb1 Nd7 12. e3 h6 0-1

[Event "Let's Play Chess!"]
[Site "http://www.queenalice.com/game.php?id=344514"]
[Date "2008.1.29"]
[Round "-"]
[White "CJ"]
[Black "juandiaztapia"]
[Result "0-1"]
[WhiteElo "1513"]
[BlackElo "1885"]

1. e4 g6 2. d4 Bg7 3. Nf3 c6 4. e5 d6 5. Bf4 Bg4 6. Nc3 Nh6 7. h3 Bxf3 8. Qxf3
Nf5 9. exd6 exd6 10. g4 Nxd4 11. Qe4+ Qe7 12. Qxe7+ Kxe7 13. O-O-O d5 14. Bg2
Rd8 15. Bg5+ f6 16. Rhe1+ Kf7 17. Be3 Ne6 18. h4 d4 19. Bxd4 Rxd4 20. Re4 Rxd1+
21. Nxd1 Nd7 22. Nc3 Ndc5 23. Rb4 a5 24. Rb6 Bh6+ 25. Kb1 Ra6 26. Rxa6 Nxa6 27.
Ne4 Ke7 28. a3 Nac5 29. Nc3 Bd2 30. Ne2 Be1 31. b4 axb4 32. axb4 Bxb4 33. Kb2
Be1 34. f4 Bxh4 35. f5 gxf5 36. gxf5 Ng5 37. Nf4 Bg3 38. Nh5 Be5+ 39. Ka3 Bc3
40. Nf4 Kd6 41. Ne2 Bd2 42. c4 h5 43. Kb2 h4 44. Kc2 Be3 45. Kd1 Ke5 46. Nc3
Kxf5 47. Ke2 Bd4 48. Na2 h3 0-1

[Event "Let's Play Chess!"]
[Site "http://www.queenalice.com/game.php?id=344515"]
[Date "2008.1.29"]
[Round "-"]
[White "juandiaztapia"]
[Black "CJ"]
[Result "1-0"]
[WhiteElo "1873"]
[BlackElo "1621"]

1. g3 e5 2. Bg2 Bc5 3. Nc3 c6 4. e3 Nf6 5. d4 Bb4 6. dxe5 Nd5 7. Bxd5 cxd5 8.
Qxd5 Bxc3+ 9. bxc3 O-O 10. Nf3 d6 11. exd6 Re8 12. O-O Nd7 13. c4 Nf6 14. Qd3
Bg4 15. Nh4 g5 16. Nf5 Re4 17. Nh6+ Kg7 18. Nxg4 Rxg4 19. Bb2 h5 20. f3 Rxc4 21.
Qxc4 Qxd6 22. Qd4 Qb6 23. Qxf6+ Qxf6 24. Bxf6+ Kxf6 25. Rab1 b6 26. f4 g4 27. e4
Re8 28. e5+ Kf5 29. c4 Ke4 30. c5 bxc5 31. Rb7 c4 32. Rxf7 c3 33. Rc7 Kd3 34.
Rc1 Rb8 35. R7xc3+ Ke4 36. Re1+ Kf5 37. e6 Re8 38. e7 Kf6 39. Ra3 Rxe7 40. Ra6+
1-0

[Event "Let's Play Chess!"]
[Site "http://www.queenalice.com/game.php?id=344516"]
[Date "2008.1.28"]
[Round "-"]
[White "Espinete"]
[Black "juandiaztapia"]
[Result "0-1"]
[WhiteElo "1706"]
[BlackElo "1777"]

1. d4 g6 2. d5 Bg7 3. e4 c6 4. c4 cxd5 5. cxd5 d6 6. Be2 Nf6 7. Nc3 O-O 8. Nf3
e6 9. Bg5 e5 10. Bxf6 Bxf6 11. O-O Nd7 12. Nb5 Nc5 13. Qc2 a5 14. a3 a4 15. Nd2
Be7 16. f4 exf4 17. Rxf4 Bg5 18. Rf2 Be3 19. Rf1 f5 20. Kh1 Bxf2 21. e5 Ne4 22.
Nxe4 fxe4 23. Nxd6 Bd4 24. Qxe4 Rxf1+ 25. Bxf1 Qf8 26. Qf3 Qxf3 27. gxf3 Bxe5
0-1

[Event "Let's Play Chess!"]
[Site "http://www.queenalice.com/game.php?id=344517"]
[Date "2008.1.29"]
[Round "-"]
[White "CJ"]
[Black "juandiaztapia"]
[Result "0-1"]
[WhiteElo "1646"]
[BlackElo "1832"]

1. e4 g6 2. d4 Bg7 3. e5 c5 4. c3 cxd4 5. cxd4 Nc6 6. Bc4 Qb6 7. Nd2 Nxd4 8. Nb3
Bxe5 9. Bxf7+ Kxf7 10. Be3 Qb4+ 11. Bd2 Qb5 12. Nxd4 Bxd4 13. Qf3+ Nf6 14. Rb1
d6 15. g3 Bg4 16. Qf4 e5 17. Qg5 Qd3 18. Rc1 Bxf2+ 19. Kxf2 Ne4+ 20. Ke1 Nxg5
21. Bxg5 Qe4+ 22. Kd2 Qxh1 23. Ne2 Qxh2 24. Rc7+ Ke6 25. Re7+ Kf5 26. Bh4 Qxe2+
27. Kc3 Rac8+ 0-1

[Event "Let's Play Chess!"]
[Site "http://www.queenalice.com/game.php?id=344518"]
[Date "2008.1.29"]
[Round "-"]
[White "juandiaztapia"]
[Black "CJ"]
[Result "1-0"]
[WhiteElo "1891"]
[BlackElo "1564"]

1. g3 e5 2. Bg2 Bc5 3. Nc3 c6 4. e4 Qf6 5. Qf3 Qxf3 6. Nxf3 f6 7. Na4 Bxf2+ 8.
Kxf2 Ne7 9. d4 d5 10. exd5 Nxd5 11. dxe5 fxe5 12. Nxe5 Rf8+ 13. Nf3 Bg4 14. Re1+
Kf7 15. Bf4 Nd7 16. Ne5+ Nxe5 17. Bxd5+ cxd5 18. Rxe5 Kg8 19. Rxd5 Rae8 20. Re1
h5 21. Rxe8 Rxe8 22. Nc3 Kh7 23. h3 Bxh3 24. Rxh5+ Kg6 25. Rxh3 Kf5 26. Rh5+ Kg4
27. Rg5+ Kh3 28. Ne2 Rh8 29. Ng1+ Kh2 30. g4+ Kh1 31. Rh5+ Rxh5 32. gxh5 a5 33.
Be5 b5 34. Bxg7 Kh2 35. h6 1-0

[Event "Let's Play Chess!"]
[Site "http://www.queenalice.com/game.php?id=344519"]
[Date "2008.1.29"]
[Round "-"]
[White "juandiaztapia"]
[Black "CJ"]
[Result "1-0"]
[WhiteElo "1711"]
[BlackElo "1639"]

1. g3 e5 2. Bg2 Bc5 3. Nc3 c6 4. d3 Qf6 5. Ne4 Qe7 6. Nxc5 Qxc5 7. Nf3 f6 8. O-O
d6 9. e4 Ne7 10. Be3 Qb5 11. Qc1 d5 12. c4 dxc4 13. dxc4 Qb4 14. a3 Qd6 15. Rd1
Qe6 16. c5 h5 17. h4 g5 18. hxg5 Nd7 19. Rd6 Qg4 20. gxf6 Ng6 21. Ng5 h4 22. Bf3
Qxf3 23. Nxf3 hxg3 24. fxg3 Kf7 25. Ng5+ Kf8 26. Qc4 a5 27. Qf7# 1-0

[Event "Challenge"]
[Site "http://www.queenalice.com/game.php?id=369480"]
[Date "2008.3.12"]
[Round "-"]
[White "Drica"]
[Black "juandiaztapia"]
[Result "0-1"]
[WhiteElo "1598"]
[BlackElo "1899"]

1. e3 g6 2. Qf3 Bg7 3. Bc4 Nf6 4. b4 d5 5. Bb3 Bg4 6. Qf4 Qd7 7. h3 Bf5 8. g4
Ne4 9. gxf5 Bxa1 10. fxg6 hxg6 11. d3 Nf6 12. Qg5 Rh5 13. Qg2 Na6 14. a3 O-O-O
15. Nf3 Rdh8 16. Nd4 Bxd4 17. exd4 c6 18. Nc3 Rxh3 19. Rxh3 Qxh3 20. Qxh3+ Rxh3
21. b5 Nc7 22. bxc6 bxc6 23. Na4 Rh1+ 24. Kd2 Ng4 25. f3 Nh2 26. f4 Rf1 27. Nc5
Rxf4 28. Kc3 Rf1 29. Kb2 Nf3 30. Be3 Re1 31. Bf4 Nxd4 0-1

[Event "Challenge"]
[Site "http://www.queenalice.com/game.php?id=374326"]
[Date "2008.3.20"]
[Round "-"]
[White "juandiaztapia"]
[Black "leafar"]
[Result "1-0"]
[WhiteElo "1913"]
[BlackElo "1653"]

1. g3 e5 2. Bg2 Nf6 3. Nf3 d6 4. O-O Be7 5. d4 exd4 6. Nxd4 O-O 7. Nc3 c5 8.
Ndb5 Bg4 9. Bxb7 Na6 10. Bxa6 Qb6 11. Nd5 Nxd5 12. Qxd5 Bxe2 13. Re1 Rae8 14.
Rxe2 Qxa6 15. c4 Qb6 16. Bf4 a6 17. Nxd6 Bxd6 18. Rxe8 Rxe8 19. Bxd6 Qxb2 20.
Rd1 Qxa2 21. Bxc5 h6 22. Be3 a5 23. c5 Qxd5 24. Rxd5 a4 25. c6 a3 26. Ra5 Rc8
27. Rc5 Kf8 28. Bd4 f6 29. Rc1 Ke7 30. Bc5+ Ke6 31. Bxa3 Kf7 32. c7 Ke6 33. Bf8
Kd7 34. Bxg7 Rxc7 35. Rxc7+ Ke6 36. Bxh6 Kd6 37. Bf4+ 1-0

[Event "Invitation"]
[Site "http://www.queenalice.com/game.php?id=374810"]
[Date "2008.3.21"]
[Round "-"]
[White "juandiaztapia"]
[Black "Tiberius"]
[Result "0-1"]
[WhiteElo "1918"]
[BlackElo "1846"]

1. e4 c5 2. d3 Nc6 3. Nf3 g6 4. g3 Bg7 5. Bg2 Nf6 6. O-O O-O 7. Nbd2 d6 8. c3
Rb8 9. a4 a6 10. Nc4 b5 11. axb5 axb5 12. Ne3 b4 13. Nh4 Bd7 14. f4 bxc3 15.
bxc3 Qc8 16. f5 Qb7 17. g4 Qb3 18. Ra3 Qxd1 19. Rxd1 Bh6 20. h3 Rb1 21. Kf2 c4
22. d4 Bg5 23. Nf3 Nxe4+ 24. Ke1 Bxe3 25. Bxe3 Rb3 26. Rxb3 cxb3 27. fxg6 hxg6
28. Rb1 Na5 29. Bd2 Rc8 30. Ra1 b2 31. Rb1 Nc4 32. Bf1 Ncxd2 33. Nxd2 Rxc3 34.
Rxb2 Rc1+ 35. Ke2 Nxd2 36. Rxd2 Bb5+ 37. Kf3 Bxf1 38. h4 Rc3+ 39. Kf4 Kg7 40. h5
Rd3 41. Rf2 Rxd4+ 42. Ke3 Rxg4 43. hxg6 Bc4 44. gxf7 Bxf7 45. Rd2 d5 46. Rd1 e5
47. Ra1 d4+ 48. Kf3 Rf4+ 49. Kg3 Kf6 50. Ra6+ Kf5 51. Ra7 Ke4 52. Ra4 Ke3 53.
Ra1 Rf3+ 54. Kg2 d3 55. Re1+ Kf4 0-1

[Event "Invitation"]
[Site "http://www.queenalice.com/game.php?id=374811"]
[Date "2008.3.21"]
[Round "-"]
[White "Tiberius"]
[Black "juandiaztapia"]
[Result "1-0"]
[WhiteElo "1628"]
[BlackElo "1956"]

1. e4 e5 2. f4 Bc5 3. Nf3 d6 4. Bc4 Nf6 5. Nc3 Nc6 6. d3 O-O 7. Qe2 Bg4 8. Be3
Nd4 9. Bxd4 Bxd4 10. h3 Nh5 11. hxg4 Ng3 12. Nxd4 Nxe2 13. Ndxe2 c6 14. g3 b5
15. Bb3 a5 16. a4 b4 17. Nd1 Qb6 18. Kd2 Rad8 19. Ne3 Qc5 20. Rh5 g6 21. Rh4 Kg7
22. Rah1 Rh8 23. g5 Rd7 24. Ng4 Rdd8 25. fxe5 dxe5 26. Rh6 Rd6 27. Ba2 b3 28.
Bxb3 Qb4+ 29. Nc3 Qc5 30. Ke2 Qd4 31. Nd1 Qc5 32. Nde3 Qd4 33. Rf1 Rd7 34. Nc4
Re7 35. Ncxe5 Qxb2 36. Nxc6 Rb7 37. Nce5 f5 38. gxf6+ Kf8 39. Nxg6+ Ke8 40. f7+
Kd7 41. N4e5+ Kc7 42. Nxh8 Rxb3 43. Rc6+ Kb7 44. f8=Q Qxe5 45. Qc8+ 1-0

[Event "Una partida?"]
[Site "http://www.queenalice.com/game.php?id=386161"]
[Date "2008.4.12"]
[Round "-"]
[White "juandiaztapia"]
[Black "elrey"]
[Result "1/2-1/2"]
[WhiteElo "1922"]
[BlackElo "2095"]

1. g3 e5 2. Bg2 d5 3. d4 e4 4. c4 c6 5. Nc3 Nf6 6. Bg5 Bb4 7. Qb3 Bxc3+ 8. bxc3
Nbd7 9. Nh3 h6 10. Bxf6 Nxf6 11. O-O dxc4 12. Qxc4 Bf5 13. e3 Qe7 14. a4 h5 15.
a5 h4 16. Nf4 hxg3 17. a6 gxh2+ 18. Kh1 g5 19. axb7 Qxb7 20. Rab1 Qd7 21. Ne2 a5
22. Rb6 Be6 23. Qxc6 Qxc6 24. Rxc6 Kd7 25. Rc5 a4 26. Ng3 Rh4 27. Ra1 a3 28. c4
a2 29. d5 Bh3 30. Kxh2 Ng4+ 31. Kg1 Bxg2 32. Kxg2 Rh2+ 33. Kg1 Rxf2 34. Nxe4 Rb8
35. Rb5 Rxb5 36. cxb5 Rc2 37. Nc3 Rxc3 38. Rxa2 Rc1+ 1/2-1/2

[Event "Challenge"]
[Site "http://www.queenalice.com/game.php?id=388628"]
[Date "2008.4.16"]
[Round "-"]
[White "rhsatrhs"]
[Black "juandiaztapia"]
[Result "1/2-1/2"]
[WhiteElo "1880"]
[BlackElo "1960"]

1. e4 g6 2. d4 Bg7 3. Nc3 d6 4. f4 Nc6 5. Be3 e6 6. Bb5 Bd7 7. Qd2 Nge7 8. O-O-O
a6 9. Ba4 b5 10. Bb3 Na5 11. Kb1 Nxb3 12. cxb3 c6 13. Nf3 O-O 14. h4 h5 15. Rhg1
f5 16. e5 d5 17. Ng5 Bh6 18. Nh3 Rf7 19. Nf2 Kh7 20. Nd3 Ng8 21. g3 Bf8 22. a3
Nh6 23. Qe1 Ng4 24. Bd2 Qb6 25. Ne2 a5 26. b4 a4 27. Rc1 Nh2 28. Qf2 Ng4 29. Qg2
Bc8 30. Nf2 Nxf2 31. Qxf2 Be7 32. Nc3 Bd8 33. Nd1 Be7 34. Bc3 Qa7 35. Ne3 Bd8
36. Rcd1 Bb6 37. Qh2 Bd7 1/2-1/2

[Event "Challenge"]
[Site "http://www.queenalice.com/game.php?id=391827"]
[Date "2008.4.22"]
[Round "-"]
[White "juandiaztapia"]
[Black "ketchuplover"]
[Result "1-0"]
[WhiteElo "1887"]
[BlackElo "1848"]

1. g3 g5 2. d4 h6 3. h4 g4 4. e4 d6 5. Ne2 e5 6. dxe5 dxe5 7. Qxd8+ Kxd8 8. Nbc3
Bb4 9. Be3 a6 10. O-O-O+ Ke8 11. Nd5 Bd6 12. c4 Nd7 13. c5 c6 14. cxd6 cxd5 15.
Rxd5 Ngf6 16. Nc3 Nxd5 17. Nxd5 Kd8 18. Be2 Nf8 19. Bb6+ Kd7 20. Bc7 1-0

[Event "Challenge"]
[Site "http://www.queenalice.com/game.php?id=396187"]
[Date "2008.5.1"]
[Round "-"]
[White "ricma"]
[Black "juandiaztapia"]
[Result "0-1"]
[WhiteElo "1996"]
[BlackElo "1933"]

1. e4 g6 2. d4 Bg7 3. Nf3 d6 4. Bc4 Nc6 5. a3 Nf6 6. Nc3 Bg4 7. Be3 e5 8. dxe5
Nxe5 9. Bb3 O-O 10. h3 Nxf3+ 11. gxf3 Be6 12. Bxe6 fxe6 13. Qd2 Nh5 14. f4 e5
15. f5 gxf5 16. Bh6 fxe4 17. Rg1 Kh8 18. Nxe4 Qh4 19. Bxg7+ Nxg7 20. Qd3 Ne6 21.
Rg4 Qh6 22. Qe3 Qxe3+ 23. fxe3 Rf3 24. Rg3 Raf8 25. Ke2 Rxg3 26. Nxg3 Kg7 27.
Rg1 Kf6 28. Nh5+ Ke7 29. Rg4 Rf5 30. Ng7 Nxg7 31. Rxg7+ Rf7 32. Rxf7+ Kxf7 33.
Kf3 Kf6 34. c4 Kf5 35. e4+ Kg5 36. Kg3 h5 37. h4+ Kf6 38. Kf3 Ke6 39. Ke3 c6 40.
Kd3 d5 41. exd5+ cxd5 42. cxd5+ Kxd5 43. b3 e4+ 44. Ke3 Ke5 0-1

[Event "Brasil x Chile"]
[Site "http://www.queenalice.com/game.php?id=404370"]
[Date "2008.5.17"]
[Round "-"]
[White "juandiaztapia"]
[Black "Boeing"]
[Result "1-0"]
[WhiteElo "1894"]
[BlackElo "1883"]

1. e4 e5 2. Nf3 d6 3. d4 exd4 4. Qxd4 Nc6 5. Bb5 Bd7 6. Bxc6 Bxc6 7. c4 h6 8.
Nc3 Nf6 9. O-O Be7 10. Re1 O-O 11. Bf4 Re8 12. Rad1 a6 13. a4 g5 14. Bg3 g4 15.
Nd2 Nh5 16. e5 Bd7 17. exd6 Nxg3 18. dxe7 Rxe7 19. Rxe7 Qxe7 20. hxg3 h5 21.
Nde4 Be6 22. Nf6+ Kf8 23. Nd7+ Kg8 24. Nf6+ Kf8 25. Nxh5 f6 26. Nxf6 c5 27. Qf4
Qf7 28. Nd7+ Bxd7 29. Qxf7+ Kxf7 30. Rxd7+ Ke6 31. Rxb7 Ke5 32. Re7+ Kf6 33.
Nd5+ Kg6 34. Re6+ Kf5 35. Rb6 Ke4 36. Kf1 Kd3 37. b3 Kd2 38. f4 gxf3 39. gxf3
Kc2 40. g4 a5 41. g5 Rg8 42. f4 Kd3 43. Kf2 Rh8 44. Kf3 Kd4 45. Re6 Rh3+ 46. Kg4
Rxb3 47. g6 Kxc4 48. Nb6+ Kb4 49. g7 Rb2 50. Rg6 1-0

[Event "La vuelta (no es obligación...)"]
[Site "http://www.queenalice.com/game.php?id=434487"]
[Date "2008.7.17"]
[Round "-"]
[White "elrey"]
[Black "juandiaztapia"]
[Result "1-0"]
[WhiteElo "2205"]
[BlackElo "1913"]

1. d4 g6 2. Nf3 Bg7 3. e4 c5 4. c3 Qa5 5. Na3 Nf6 6. e5 Ne4 7. d5 f5 8. Nc4 Qd8
9. Ncd2 Nxd2 10. Bxd2 Qb6 11. Qb3 Qc7 12. O-O-O Bxe5 13. Nxe5 Qxe5 14. Re1 Qf6
15. Bf4 O-O 16. Rxe7 d6 17. Re6 Bxe6 18. dxe6 Qe7 19. Bxd6 Qxd6 20. e7+ Kg7 21.
exf8=Q+ Kxf8 22. Qxb7 Qc6 23. Qxh7 Nd7 24. Bc4 Ne5 25. Qh8+ Ke7 26. Qxe5+ 1-0